Subsistema de informacion para exportaciones (SISEX) segunda etapa. diseno detallado.
Guardado en:
| Hovedforfatter: | |
|---|---|
| Format: | Tesis Bog |
| Sprog: | Undetermined |
| Udgivet: |
1986
|
| Fag: | |
| Tags: |
Tilføj Tag
Ingen Tags, Vær først til at tagge denne postø!
|
MARC
| LEADER | 00000nam a2200000Ia 4500 | ||
|---|---|---|---|
| 001 | 4093 | ||
| 008 | 140114s9999 xx 000 0 und d | ||
| 100 | |a Alvarez, Eric | ||
| 245 | |a Subsistema de informacion para exportaciones (SISEX) segunda etapa. diseno detallado. | ||
| 260 | |c 1986 | ||
| 500 | |a NULL | ||
| 502 | |a Escuela de ingenieria Industrial | ||
| 650 | |z SUBSISTEMA DE INFORMACION PARA EXPORTACIONES | ||
| 999 | |c 11739 |d 11739 | ||
